000
00264nam a22001217a 4500
040
_c
HS
082
_a
639
100
_a
វុន វ៉ារី
245
_a
បរិស្ថាន
260
_a
RUA
_b
វុន វ៉ារី
_c
NA
300
_a
NA
942
_c
KB
999
_c
9349
_d
9349